[Event "Sarpsborg CC-ch"]
[Site "Sarpsborg"]
[Date "2003.03.07"]
[Round "9"]
[White "Skaug, Thorbjorn"]
[Black "Forsberg, Jan"]
[Result "0-1"]
[WhiteElo "1204"]
[BlackElo "1626"]
[PlyCount "48"]
[EventDate "2003.??.??"]
[EventType "swiss"]
[EventRounds "15"]
[EventCountry "NOR"]
[SourceTitle "EXT 2005"]
[Source "ChessBase"]
[SourceDate "2004.11.15"]
[SourceVersion "1"]
[SourceVersionDate "2004.11.15"]
[SourceQuality "1"]

1. b4 e5 2. Bb2 d6 3. c4 f5 4. e3 Nf6 5. Nf3 Be7 6. Nc3 c6 7. Be2 0-0 8. 0-0 Kh8 9. d4 e4 10. Nd2 d5 11. cxd5 cxd5 12. b5 Be6 13. a4 Nbd7 14. Ba3 Rc8 15. Bxe7 Qxe7 16. Qb3 Rc7 17. Rfc1 Rfc8 18. Rc2 Qf7 19. Rac1 g5 20. Bd1 f4 21. exf4 gxf4 22. Nf1 Bf5 23. Rb2 Nb6 24. Ra1 Rxc3 0-1

[Event "Sarpsborg CC-ch"]
[Site "Sarpsborg"]
[Date "2003.02.14"]
[Round "6"]
[White "Forsberg, Jan"]
[Black "Skaug, Thorbjorn"]
[Result "0-1"]
[WhiteElo "1626"]
[BlackElo "1204"]
[PlyCount "39"]
[EventDate "2003.??.??"]
[EventType "swiss"]
[EventRounds "15"]
[EventCountry "NOR"]
[SourceTitle "EXT 2005"]
[Source "ChessBase"]
[SourceDate "2004.11.15"]
[SourceVersion "1"]
[SourceVersionDate "2004.11.15"]
[SourceQuality "1"]

1. d4 b5 2. e4 a6 3. Bd3 e6 4. Nf3 Bb7 5. 0-0 Nf6 6. Qe2 c5 7. c3 Nc6 8. d5 Ne7 9. d6 Ng6 10. e5 Bxf3 11. gxf3 Nd5 12. Be4 Ngf4 13. Bxf4 Nxf4 14. Kh1 Nxe2 15. Bxa8 Qxa8 16. Kg2 Nf4+ 17. Kg3 Nd5 18. Nd2 g6 19. Ne4 Bg7 20. f4 0-1

[Event "Sarpsborg CC-ch"]
[Site "Sarpsborg"]
[Date "2003.02.07"]
[Round "5"]
[White "Gupta, Sudhir Kumar"]
[Black "Forsberg, Jan"]
[Result "0-1"]
[WhiteElo "1180"]
[BlackElo "1626"]
[PlyCount "142"]
[EventDate "2003.??.??"]
[EventType "swiss"]
[EventRounds "15"]
[EventCountry "NOR"]
[SourceTitle "EXT 2005"]
[Source "ChessBase"]
[SourceDate "2004.11.15"]
[SourceVersion "1"]
[SourceVersionDate "2004.11.15"]
[SourceQuality "1"]

1. Nf3 d5 2. d4 c5 3. e3 Nc6 4. Bb5 e6 5. Ne5 Qc7 6. Nxc6 bxc6 7. Be2 e5 8. dxe5 Qxe5 9. Nd2 Nf6 10. Nf3 Qc7 11. Bd2 Ne4 12. 0-0 Bd6 13. h3 0-0 14. c4 Be6 15. Rc1 Rfd8 16. Qc2 Rab8 17. b3 Nxd2 18. Nxd2 d4 19. Ne4 Be7 20. exd4 Rxd4 21. Rfd1 Rbd8 22. Rxd4 Rxd4 23. Rd1 Qe5 24. Rxd4 cxd4 25. Bd3 c5 26. Qe2 g6 27. Ng3 Qg5 28. Qc2 Qf4 29. Ne2 Qe5 30. Qd2 Bg5 31. f4 Bh6 32. fxe5 Bxd2 33. g4 Kg7 34. Kg2 Bd7 35. Ng3 Bf4 36. Ne4 Bc6 37. Kf2 Bxe4 38. Bxe4 Bxe5 39. Ke2 Kf6 40. Kf3 Kg5 41. Bd5 f6 42. Bg8 h5 43. gxh5 Kxh5 44. Bh7 f5 45. Bg8 Kh4 46. Bh7 Kg5 47. Bg8 Kf6 48. Bd5 g5 49. Kg2 Bf4 50. Bf3 Ke5 51. Kf2 d3 52. Ke1 Kd4 53. Bd5 Ke3 54. Be6 Bg3+ 55. Kd1 f4 56. Bd5 f3 57. a3 a5 58. Ba8 f2 59. Bg2 Kd4 60. Kd2 Bf4+ 61. Kd1 Kc3 62. Bf1 d2 63. b4 cxb4 64. axb4 axb4 65. c5 b3 66. c6 b2 67. c7 Bxc7 68. h4 b1Q+ 69. Ke2 d1Q+ 70. Kxf2 Qxf1+ 71. Ke3 Bf4# 0-1

[Event "Nordic Senior-ch"]
[Site "Fredrikstad"]
[Date "2001.09.23"]
[Round "9"]
[White "Forsberg, Jan"]
[Black "Mella, Aage"]
[Result "1/2-1/2"]
[WhiteElo "1558"]
[BlackElo "1886"]
[PlyCount "57"]
[EventDate "2001.09.??"]
[EventType "swiss"]
[EventRounds "9"]
[EventCountry "NOR"]
[SourceTitle "EXT 2005"]
[Source "ChessBase"]
[SourceDate "2004.11.15"]
[SourceVersion "1"]
[SourceVersionDate "2004.11.15"]
[SourceQuality "1"]

1. d4 Nf6 2. c4 e6 3. Nf3 b6 4. g3 Bb7 5. Bg2 c5 6. e3 d6 7. 0-0 Qc7 8. b3 Nbd7 9. Bb2 Be7 10. Nc3 0-0 11. Re1 Rad8 12. Qe2 Rfe8 13. Rad1 d5 14. cxd5 exd5 15. dxc5 bxc5 16. Qd2 a6 17. Nh4 Ne5 18. Nf5 Bf8 19. f4 Ng6 20. h3 Ne7 21. Nxe7+ Bxe7 22. Kh2 d4 23. exd4 Rxd4 24. Qc2 Red8 25. Re2 Bxg2 26. Rxg2 Rxd1 27. Nxd1 Qd7 28. Ne3 Nd5 29. Nxd5 1/2-1/2